00628nam a2200193Ia 4500008004100000020001400041082001600055100002200071245004100093250000700134260004500141300002900186500001900215600002100234650005000255942000700305952010700312999001500419240925s9999 xx 000 0 und d a136799035 a005.447 GON aGoncalves, Marcus 0aWindows NT4.0 Server: security guide aNA aNew Jersey:bPrintice- Hall Int.c,1998. axxii,436p.bNAfOriginal aIncludes Index aComputer Science aComputer science, information & general works cBK 001040708CSaUITUbUITUd2001-04-11eNAl0o005.447 GONpQ3558r2024-09-25 07:13:11w2024-09-25yBK c6057d6057